000 00457nam a2200169Ia 4500
001 9554
003 GE_BSU
008 181216s||||||||xx |||||||||||||| ||und||
040 _cGE_BSU
245 _aПсихология обучения, №3 Март 2014.
245 _cГл.ред.Б.П.Бархаев и др.
260 _aМосква
260 _c2014
300 _a152стр.24см.
653 _aПсихология обучения
942 _cCR
999 _c42848
_d42848